000 00771nam a2200241Ia 4500
003 OSt
005 20220923220711.0
006 a|||||r|||| 00| 0
007 ta
008 220922b |||||||| |||| 00| 0 hin d
024 _a189,354
037 _cTextual
040 _aARTS
_cARTS
_bhin
041 _2hin
_ahin
082 _aO152,2N25,SU, L7
100 _aलाल, लक्ष्मी नारायण
245 0 _aसूर्यमुख
246 _aSūryamukha
260 _aदिल्ली
_b नेशनल पब्लि. हा0
_c1977
650 _aहिन्दी साहित्य
_9156264
942 _hO152,2N25,SU, L7
_cTEXL
_2CC
999 _c342197
_d342197